000 00431nam a2200133Ia 4500
008 100328s9999 xx 000 0 und d
082 _b57304
100 _aगोडबोले मंगला
245 _aसात, आठ ते सावर आठ
260 _bनवचैतन्य
630 _aसात, आठ ते सावर आठ
730 _aसात, आठ ते सावर आठ
942 _cBOOK
999 _c543766
_d543763